| 000 | 00682nam a2200169 4500 | ||
|---|---|---|---|
| 001 | 5785 | ||
| 005 | 20181127180239.0 | ||
| 090 | 0 | 0 | _a372.64 L775L 2015 |
| 245 | 0 | 0 |
_aIntroduction of database management system : _bBIM 202 : coursepack / _c Compiled by G.T Bakyaraj. _h |
| 260 | 0 | 0 |
_aThimphu : _bRoyal Thimphu College, _c2016. |
| 300 | 0 | 0 | _a23 p. |
| 500 | _a""""For BIM 202 program use only"""" | ||
| 500 | _a""""Royal Thimphu College, Thimphu"""" | ||
| 500 | _aBIM 202 Introduction of Database Management System Course Pack for Fall 2016. | ||
| 500 | _aXerographic copy in a binder. | ||
| 650 | 0 | 0 |
_aIntroduction of database management system BIM 202 --Study and teaching (Elementary). _x |
| 999 |
_c4881 _d4881 |
||